| 000 | 01211nam2a22002531 4500 | ||
|---|---|---|---|
| 001 | rc\6845 | ||
| 005 | 20250620112351.0 | ||
| 010 |
_a5-215-00091-3 _9200 |
||
| 035 | _a(NLR Aleph) 005296580 | ||
| 090 |
_a6245200 _c6245200 |
||
| 100 | _a20021204d1994 |||y0rusy50 ca | ||
| 101 | 0 | _arus | |
| 102 | _aRU | ||
| 105 | _aa ||||||||| | ||
| 200 | 0 | _aЧ. 2 | |
| 210 |
_d1994 _aБ. м. |
||
| 215 |
_a80, [1] с. _cил. |
||
| 320 | _aБиблиогр.: с. 80 (14 назв.) | ||
| 461 | 0 |
_1001rc\6844 _12001#$aОсновы экономики предприятия в условиях рынка$eУчеб. пособие для студентов всех спец.$fГос. акад. управления им. С. Орджоникидзе$vЧ. 2 _1700#1$aАкбердин$bР.З.$gРиф Зияевич _96245195 _aАкбердин, Р.З. _cМ. _d1994- _fГос. акад. управления им. С. Орджоникидзе _nГАУ _oУчеб. пособие для студентов всех спец. _tОсновы экономики предприятия в условиях рынка _vЧ. 2 |
|
| 801 | 0 |
_aRU _bNLR _gpsbo |
|
| 801 | 1 |
_aRU _bELAR _2rusmarc |
|
| 852 |
_aNLR _j95-4/10891 |
||
| 942 | _cBOOK | ||
| 980 | _aNB | ||